UN Recognised Countries of the World with a Map - Statistics

General Stats
  • This quiz has been taken 160 times
  • The average score is 125 of 195
Answers on the Map
Answers color-coded by a green-red scale on the quiz's map according to % correct below.
 
Answer Stats
Country % Correct
China
84%
United States
84%
Canada
83%
Russia
81%
United Kingdom
81%
Mexico
80%
Kazakhstan
78%
Sweden
78%
Australia
77%
Brazil
77%
Denmark
77%
Egypt
77%
Finland
77%
France
77%
Germany
77%
Iceland
77%
Japan
77%
Mongolia
77%
Oman
77%
Saudi Arabia
77%
Ukraine
77%
Colombia
75%
India
75%
Ireland
75%
Israel
75%
Italy
75%
New Zealand
75%
North Korea
75%
Norway
75%
Poland
75%
Portugal
75%
Romania
75%
Spain
75%
Turkey
75%
Argentina
73%
Austria
73%
Chile
73%
Cuba
73%
Estonia
73%
Iran
73%
Serbia
73%
South Korea
73%
Switzerland
73%
Albania
72%
Belgium
72%
Bosnia and Herzegovina
72%
Croatia
72%
Greece
72%
Indonesia
72%
North Macedonia
72%
Somalia
72%
Uzbekistan
72%
Vietnam
72%
Yemen
72%
Algeria
70%
Belarus
70%
Bulgaria
70%
Hungary
70%
Iraq
70%
Latvia
70%
Lithuania
70%
Netherlands
70%
Pakistan
70%
Paraguay
70%
Peru
70%
Slovakia
70%
Slovenia
70%
South Africa
70%
Sudan
70%
Turkmenistan
70%
United Arab Emirates
70%
Afghanistan
69%
Bahamas
69%
Chad
69%
Dominican Republic
69%
Jordan
69%
Nepal
69%
Niger
69%
Panama
69%
Philippines
69%
Sri Lanka
69%
Thailand
69%
Uruguay
69%
Venezuela
69%
Democratic Republic of the Congo
67%
Madagascar
67%
Myanmar
67%
Nigeria
67%
Palestine
67%
Syria
67%
Bolivia
66%
Cambodia
66%
Cyprus
66%
El Salvador
66%
Haiti
66%
Honduras
66%
Jamaica
66%
Laos
66%
Malaysia
66%
Morocco
66%
Papua New Guinea
66%
Republic of the Congo
66%
Vatican City
66%
Bangladesh
64%
Bhutan
64%
Georgia
64%
Guatemala
64%
Libya
64%
Moldova
64%
Montenegro
64%
South Sudan
64%
Uganda
64%
Armenia
63%
Azerbaijan
63%
Czech Republic
63%
Dominica
63%
Ecuador
63%
Ghana
63%
Guyana
63%
Luxembourg
63%
Mali
63%
Tunisia
63%
Zimbabwe
63%
Tajikistan
61%
Andorra
59%
Belize
59%
Ethiopia
59%
Lesotho
59%
Liechtenstein
59%
Malta
59%
Qatar
59%
Costa Rica
58%
Eritrea
58%
Kenya
58%
Kyrgyzstan
58%
Nicaragua
58%
San Marino
58%
Trinidad and Tobago
58%
Zambia
58%
Bahrain
56%
Barbados
56%
Federated States of Micronesia
56%
Kuwait
56%
Lebanon
56%
Malawi
56%
Maldives
56%
Mozambique
56%
Senegal
56%
Singapore
56%
Togo
56%
Benin
55%
Botswana
55%
Central African Republic
55%
Eswatini
55%
Fiji
55%
Guinea
55%
Namibia
55%
Angola
53%
Cameroon
53%
Gambia
53%
Monaco
53%
Tanzania
53%
Burundi
52%
Equatorial Guinea
52%
Ivory Coast
52%
Kiribati
52%
Liberia
52%
Saint Lucia
52%
Suriname
52%
Vanuatu
52%
Burkina Faso
50%
Cape Verde
50%
Comoros
50%
Marshall Islands
50%
Mauritania
50%
Nauru
50%
Palau
50%
Samoa
50%
Seychelles
50%
Tuvalu
50%
Mauritius
48%
Rwanda
48%
Saint Kitts and Nevis
48%
Brunei
47%
Djibouti
47%
Grenada
47%
Sierra Leone
47%
Gabon
45%
Guinea-Bissau
45%
Saint Vincent and the Grenadines
45%
East Timor
44%
Solomon Islands
44%
Tonga
44%
Antigua and Barbuda
42%
São Tomé and Príncipe
41%
No matching quizzes found
Score Distribution
Percent of People with Each Score
Percentile by Number Answered
Your Score History
You have not taken this quiz